Социальная экология: учебник

Detalles Bibliográficos
Autor principal: Прохоров Б. Б. Борис Борисович
Sumario:Учебник создан в соответствии с Федеральным государственным образовательным стандартом по направлению подготовки «Экология и природопользование» (квалификация «бакалавр»).В учебнике описаны процессы взаимодействия общностей людей с их внешним природным и социальным окружением, динамика этих процессов и их последствия. Дано общее представление о событиях, которые происходили и происходят с людьми и всем человечеством в течение его истории.
Lenguaje:ruso
Publicado: Москва, Академия, 2012
Edición:6-е изд., перераб. и доп.
Colección:Высшее профессиональное образование. Бакалавриат
Естественные науки
Materias:
Formato: Libro
KOHA link:https://koha.lib.tpu.ru/cgi-bin/koha/opac-detail.pl?biblionumber=219558

MARC

LEADER 00000nam0a2200000 4500
001 219558
005 20231101230251.0
010 |a 9785769587689  |b (в пер.)  |b 5100 экз. 
035 |a (RuTPU)RU\TPU\book\239643 
035 |a RU\TPU\book\87046 
035 |a RU\TPU\book\178122 
090 |a 219558 
100 |a 20050915d2012 m y0rusy5002 ca 
101 0 |a rus 
102 |a RU 
105 |a y j 001zy 
200 1 |a Социальная экология  |e учебник  |f Б. Б. Прохоров 
205 |a 6-е изд., перераб. и доп. 
210 |a Москва  |c Академия  |d 2012 
215 |a 432 с. 
225 1 |a Высшее профессиональное образование. Бакалавриат 
225 1 |a Естественные науки 
320 |a Библиогр.: с. 427-428. 
330 |a Учебник создан в соответствии с Федеральным государственным образовательным стандартом по направлению подготовки «Экология и природопользование» (квалификация «бакалавр»).В учебнике описаны процессы взаимодействия общностей людей с их внешним природным и социальным окружением, динамика этих процессов и их последствия. Дано общее представление о событиях, которые происходили и происходят с людьми и всем человечеством в течение его истории. 
606 1 |a Социальная экология  |x Философские проблемы  |2 stltpush  |3 (RuTPU)RU\TPU\subj\70036  |9 84599 
610 1 |a человек 
610 1 |a цивилизации 
610 1 |a хозяйственная деятельность 
610 1 |a Россия 
610 1 |a модернизация 
610 1 |a урбанизация 
610 1 |a религии 
610 1 |a население 
610 1 |a миграция 
610 1 |a новые территории 
610 1 |a освоение 
610 1 |a эпидемии 
610 1 |a армия 
610 1 |a военно-промышленный комплекс 
610 1 |a войны 
610 1 |a последствия 
610 1 |a продовольственные проблемы 
610 1 |a антропоэкология 
610 1 |a космос 
610 1 |a учебники 
686 |a Ю663я73  |v LBC/SL-A  |2 rubbk 
700 1 |a Прохоров  |b Б. Б.  |g Борис Борисович  |4 070 
801 1 |a RU  |b 63413507  |c 20120710 
801 2 |a RU  |b 63413507  |c 20150616  |g RCR 
900 |a Социальная экология 
942 |c BK 
955 |b 022000  |l 8.1 
959 |a 104/20120710  |d 5  |e 394,90  |f ЧЗТЛ:1  |f АНЛ:1  |f УФ:3